| 000 | 01224nam a2200301Ia 4500 | ||
|---|---|---|---|
| 001 | ebr10039005 | ||
| 003 | CaPaEBR | ||
| 006 | m u | ||
| 007 | cr cn||||||||| | ||
| 008 | 010404s2001 enkb sb 001 0 eng d | ||
| 010 | _z 2001024588 | ||
| 020 | _z0333800974 (cloth) | ||
| 040 |
_aCaPaEBR _cCaPaEBR |
||
| 035 | _a(OCoLC)559238224 | ||
| 050 | 1 | 4 |
_aUA647 _b.S76 2001eb |
| 082 | 0 | 4 |
_a355.4/6/094109044 _221 |
| 100 | 1 |
_aSpeller, Ian, _d1969- |
|
| 245 | 1 | 4 |
_aThe Role of amphibious warfare in British defence policy, 1945-56 _h[electronic resource] / _cIan Speller. |
| 260 |
_aHoundmills, Basingstoke, Hampshire ; _aNew York : _bPalgrave, _c2001. |
||
| 300 |
_axi, 250 p. : _bmaps. |
||
| 504 | _aIncludes bibliographical references (p. 241-246) and index. | ||
| 533 |
_aElectronic reproduction. _bPalo Alto, Calif. : _cebrary, _d2009. _nAvailable via World Wide Web. _nAccess may be limited to ebrary affiliated libraries. |
||
| 650 | 0 | _aAmphibious warfare. | |
| 651 | 0 |
_aGreat Britain _xMilitary policy. |
|
| 655 | 7 |
_aElectronic books. _2local |
|
| 710 | 2 | _aebrary, Inc. | |
| 856 | 4 | 0 |
_uhttp://site.ebrary.com/lib/rucke/Doc?id=10039005 _zAn electronic book accessible through the World Wide Web; click to view |
| 999 |
_c165890 _d165890 |
||